Mexiko: Prakolumbianische Wandmalereien /

Bibliographic Details
Corporate Authors: Unesco, New York Graphic Society
Format: Book
Language:German
English
Published: [Greenwich, Conn.] : New York Graphic Society, 1958.
Series:UNESCO Sammlung der Weltkunst
Subjects:

MARC

Tag First Indicator Second Indicator Subfields
LEADER 00000cam a2200000 4500
001 in00000252721
005 20151010054337.0
008 750728s1958 fr af b 00000 ger d
035 |a (OCoLC)01482297 
035 |9 ABC7539AM 
040 |c MDY  |d TXA  |d UtOrBLW 
041 1 |a ger  |a eng 
049 |a [Folio] TXAM  |c [641445] 
090 |a F1435.3.A7  |b U515 
110 2 |a Unesco. 
245 1 0 |a Mexiko: Prakolumbianische Wandmalereien /  |c Vorwort [von] Jacques Soustelle. Einleitung [von] Ignacio Bernal. 
264 1 |a [Greenwich, Conn.] :  |b New York Graphic Society,  |c 1958. 
300 |a 20 pages, 5 unnumbered pages :  |b illustrations, 32 color plates. ;  |c 48 cm. 
336 |a text  |b txt  |2 rdacontent 
337 |a unmediated  |b n  |2 rdamedia 
338 |a volume  |b nc  |2 rdacarrier 
490 0 |a UNESCO Sammlung der Weltkunst 
500 |a Material assembled by UNESCO and the New York Graphic Society. 
504 |a Bibliography: page [22]. 
650 0 |a Mural painting and decoration. 
650 0 |a Mayas  |x Antiquities. 
650 0 |a Maya art. 
710 2 |a New York Graphic Society. 
999 |a MARS 
999 f f |s 02807545-feca-3575-a12d-c59ab1ce4f0e  |i a4eb799c-a99f-3c03-aa62-5c016c712b4a  |t 0 
952 f f |p ric  |a Texas A&M University  |b Rellis Campus  |c Joint Library Facility  |d Remote Storage  |t 0  |e F1435.3.A7 U515  |f Oversize  |h Library of Congress classification  |i unmediated -- volume  |m A14852528406 
998 f f |a F1435.3.A7 U515  |t 0  |l Remote Storage